| Tag |
First Indicator |
Second Indicator |
Subfields |
| LEADER |
00000cam a2200000 a 4500 |
| 001 |
in00000079822 |
| 005 |
20151008054019.0 |
| 008 |
810821s1980 ck b 10000 spa |
| 010 |
|
|
|a 80152445
|
| 035 |
|
|
|a (OCoLC)07656910
|
| 035 |
|
|
|9 AAH9359AM
|
| 039 |
0 |
|
|a 2
|b 3
|c 3
|d 3
|e 3
|
| 040 |
|
|
|a DLC
|c DLC
|d TXA
|d UtOrBLW
|
| 043 |
|
|
|a s-ck---
|a n-us---
|
| 049 |
|
|
|a TXAM
|c [1387232]
|
| 050 |
0 |
0 |
|a RA467
|b .S27
|
| 082 |
0 |
|
|a 362.1/09861
|2 19
|
| 245 |
0 |
0 |
|a Salud publica, para quien? /
|c [Alejandro Angulo Novoa and others].
|
| 264 |
|
1 |
|a [Bogota, Colombia] :
|b Centro de Investigacion y Educacion Popular,
|c [1980]
|
| 300 |
|
|
|a 118 pages ;
|c 22 cm.
|
| 336 |
|
|
|a text
|b txt
|2 rdacontent
|
| 337 |
|
|
|a unmediated
|b n
|2 rdamedia
|
| 338 |
|
|
|a volume
|b nc
|2 rdacarrier
|
| 490 |
1 |
|
|a Serie Controversia ;
|v no. 85
|
| 504 |
|
|
|a Includes bibliographical references.
|
| 650 |
|
0 |
|a Public health
|z Colombia
|x Congresses.
|
| 650 |
|
0 |
|a Social security
|z Colombia
|x Congresses.
|
| 650 |
|
0 |
|a Health maintenance organizations
|z United States
|x Congresses.
|
| 700 |
1 |
|
|a Angulo Novoa, Alejandro.
|
| 710 |
2 |
|
|a Centro de Investigación y Educación Popular.
|
| 830 |
|
0 |
|a Serie Controversia ;
|v no. 85.
|
| 999 |
|
|
|a MARS
|
| 999 |
f |
f |
|s 2808b0ad-a211-3f10-9d0b-df2c697f9dc9
|i 13d0b037-ecfd-36f0-a8dd-cd33a5aabe1d
|t 0
|
| 952 |
f |
f |
|p ric
|a Texas A&M University
|b Rellis Campus
|c Joint Library Facility
|d Remote Storage
|t 0
|e RA467 .S27
|h Library of Congress classification
|i unmediated -- volume
|m A14806227623
|
| 998 |
f |
f |
|a RA467 .S27
|t 0
|l Remote Storage
|